Ganith shastre ke vikas ki bharathiya prampara/ (Record no. 15538)

000 -LEADER
fixed length control field 00415nam a22001571a 4500
020 ## - INTERNATIONAL STANDARD BOOK NUMBER
ISBN 9788120831704
082 ## - DEWEY DECIMAL CLASSIFICATION NUMBER
Classification number H 510.954
Item number SUG/G
100 ## - MAIN ENTRY--AUTHOR NAME
Personal name Suguman Acharya
245 ## - TITLE STATEMENT
Title Ganith shastre ke vikas ki bharathiya prampara/
Statement of responsibility, etc by Suguman Acharya
260 ## - PUBLICATION, DISTRIBUTION, ETC. (IMPRINT)
Place of publication New Delhi:
Name of publisher Motilal Banarsidass,
Year of publication 2006.
300 ## - PHYSICAL DESCRIPTION
Number of Pages 410p.
650 ## - SUBJECT ADDED ENTRY--TOPICAL TERM
Topical Term Mathematic India
650 ## - SUBJECT ADDED ENTRY--TOPICAL TERM
Topical Term Mathematic
650 ## - SUBJECT ADDED ENTRY--TOPICAL TERM
Topical Term Science
942 ## - ADDED ENTRY ELEMENTS (KOHA)
Koha item type Book
Holdings
Withdrawn status Lost status Damaged status Not for loan Permanent Location Current Location Date acquired Cost, normal purchase price Full call number Accession Number Cost, replacement price Price effective from Koha item type
        Sree Sankaracharya University of Sanskrit Sree Sankaracharya University of Sanskrit 08.01.2015 595.00 H 510.954 SUG/G 056777 0.00 08.01.2015 Book